000 00580nam a2200193Ia 4500
003 LDD
008 190117s9999 xx 000 0 und d
020 _c₹200
040 _cLDD
041 _ahi
082 _a103 मा 49258
100 _aनगेन्द्र
245 0 _aमानविकी परिभाषिक कोष
_cनगेन्द्र
250 _a2रा
260 _aनई दिल्ली
_bराजकमल
_c1968
300 _a287पृ.
901 _aVANI
942 _2ddc
_cH
999 _c161917
_d161917